| Tag |
First Indicator |
Second Indicator |
Subfields |
| LEADER |
00000cam a2200000 a 4500 |
| 001 |
in00000020270 |
| 005 |
20151007053853.0 |
| 008 |
880602s1988 gw 00011 ger d |
| 020 |
|
|
|a 3813502805
|
| 035 |
|
|
|a (OCoLC)18033680
|
| 035 |
|
|
|9 AAB3111AM
|
| 040 |
|
|
|a WAU
|c WAU
|d TXA
|d UtOrBLW
|
| 049 |
|
|
|a TXAM
|c [A11112702]
|
| 050 |
|
4 |
|a PT2681.T699
|b B57 1988
|
| 100 |
1 |
|
|a Struck, Karin,
|d 1947-2006.
|
| 245 |
1 |
0 |
|a Bitteres Wasser :
|b Roman /
|c Karin Struck.
|
| 250 |
|
|
|a 1. Aufl.
|
| 264 |
|
1 |
|a München :
|b Knaus,
|c [1988]
|
| 264 |
|
4 |
|c ©1988
|
| 300 |
|
|
|a 317 pages ;
|c 22 cm.
|
| 336 |
|
|
|a text
|b txt
|2 rdacontent
|
| 337 |
|
|
|a unmediated
|b n
|2 rdamedia
|
| 338 |
|
|
|a volume
|b nc
|2 rdacarrier
|
| 999 |
|
|
|a MARS
|
| 999 |
f |
f |
|s c9d27715-05ef-35ab-8838-41e293d38471
|i e8942f52-fecf-366a-a6d9-4ba42c7cd807
|t 0
|
| 952 |
f |
f |
|p ric
|a Texas A&M University
|b Rellis Campus
|c Joint Library Facility
|d Remote Storage
|t 0
|e PT2681.T699 B57 1988
|h Library of Congress classification
|i unmediated -- volume
|m A14811112702
|
| 998 |
f |
f |
|a PT2681.T699 B57 1988
|t 0
|l Remote Storage
|